000 00303nam a2200121Ia 4500
008 191201s2012 xx 000 0 und d
100 _aMAHAJAN, M
245 0 _aStatistical Quality Control
250 _aRep
260 _c2012
_bDhanpat Rai Pubns (P) Ltd
_aNEW DELHI
300 _a544
942 _2ddc
_cBK
_02
999 _c8002
_d8002